000 00280nam a22001097a 4500
003 SGT
022 _a2455-846X
245 _aINDIAN JOURNAL OF ANATOMY AND SURGERY OF HEAD, NECK AND BRAIN
_bIJASHNB
260 _aINDIA
_bINNOVATIVE PUB.
_c2017
310 _aQUARTERLY
942 _2ddc
_cLJ
999 _c11623
_d11623